| 000 | 00994cam a2200301 a 4500 | ||
|---|---|---|---|
| 999 |
_c329814 _d329814 |
||
| 001 | 13021884 | ||
| 003 | NUST | ||
| 005 | 20170523124143.0 | ||
| 008 | 010820r20011884pk b o001 0 eng | ||
| 010 | _a 2001300069 | ||
| 020 | _a969351114X | ||
| 035 | _a(DLC) 2001300069 | ||
| 040 |
_aDLC _cDLC _dDLC |
||
| 042 | _alcode | ||
| 043 | _aa-ii--- | ||
| 050 | 0 | 0 |
_aDS485.H63 _bG39 2001 |
| 082 | 0 | 0 |
_a954.552 GAZ _222 |
| 245 | 0 | 0 | _aGazetteer of the Hisar District, 1883-84. |
| 246 | 3 | 0 | _aHisar District |
| 260 |
_aLahore : _bSang-e- Meel Publications, _c2001. |
||
| 300 |
_aiii, 75, xxiii p. ; _c24 cm. |
||
| 500 | _aOriginally published: Lahore : Arya Press, 1884. | ||
| 500 | _aIncludes bibliographical references and index. | ||
| 651 | 0 |
_aHisar (India : District) _91321 |
|
| 906 |
_a7 _bcbc _corigode _d3 _encip _f20 _gy-gencatlg |
||
| 942 |
_2ddc _cBK |
||